LIBRARY & INFORMATION CENTRE, KCAET, TAVANUR

ONLINE PUBLIC ACCESS CATALOGUE (OPAC)

Juari / (Record no. 2937)

MARC details
000 -LEADER
fixed length control field 00404cam a2200181ua 4500
041 ## - LANGUAGE CODE
Language code of text/sound track or separate title hin
082 ## - DEWEY DECIMAL CLASSIFICATION NUMBER
Classification number 891.43
Item number DOS/JU
100 ## - MAIN ENTRY--AUTHOR NAME
Personal name Dostoye, vsky .
245 ## - TITLE STATEMENT
Title Juari /
250 ## - EDITION STATEMENT
Edition statement 1 /
260 ## - PUBLICATION, DISTRIBUTION, ETC. (IMPRINT)
Place of publication :
Name of publisher Hind Pocket books Pvt Ltd ,
Year of publication 1984.
300 ## - PHYSICAL DESCRIPTION
Number of Pages 128 ; .
942 ## - ADDED ENTRY ELEMENTS (KOHA)
Koha item type Books
Holdings
Withdrawn status Lost status Damaged status Home library Current library Date acquired Full call number Accession Number Koha item type Public note
Withdrawn     KAUAET KAUAET 07/04/2012 891.43 5745 Books Deleted
free website counter